Riadenie sieťovej prevádzky v softvérovo definovaných sieťach na základe požiadaviek koncových aplikácií
Salvato in:
| Autore principale: | |
|---|---|
| Altri autori: | |
| Natura: | Manoscritto Libro |
| Lingua: | slovacco |
| Pubblicazione: |
2016
|
| Soggetti: | |
| Accesso online: | http://is.stuba.sk/zp/portal_zp.pl?podrobnosti=131352 |
| Tags: |
Nessun Tag, puoi essere il primo ad aggiungerne!!
|
MARC
| LEADER | 00000ntm a22000003a 4500 | ||
|---|---|---|---|
| 001 | stuzp58918 | ||
| 003 | SK-STU | ||
| 005 | 20160719155715.4 | ||
| 007 | ta | ||
| 008 | 150427s2015----xo-----f-mn---000-0-slo-d | ||
| 040 | |a STU |b slo | ||
| 041 | 0 | |a slo | |
| 100 | 1 | |a Grežo, Rudolf |u 070400 |k Z4 |4 aut |U FIIT Fakulta informatiky a informačných technológií |T FIIT Ústav počítačového inžinierstva a aplikovanej informatiky |X 5805 |U I400 |Y 672 |7 A000005805 | |
| 242 | 0 | 1 | |a Network traffic management in software defined networks based on end application requirements |y eng |
| 245 | 1 | 0 | |a Riadenie sieťovej prevádzky v softvérovo definovaných sieťach na základe požiadaviek koncových aplikácií |
| 260 | |c 2016 | ||
| 650 | 4 | |a softvérovo definované siete |2 slo | |
| 650 | 4 | |a riadenie sieťovej premávky |2 slo | |
| 650 | 4 | |a OpenFlow protokol |2 slo | |
| 650 | 4 | |a Software-Defined Networking |2 eng | |
| 650 | 4 | |a traffic engineering |2 eng | |
| 650 | 4 | |a OpenFlow protocol |2 eng | |
| 700 | 1 | |a Nagy, Martin |u 070400 |k Z3 |4 ths |U FIIT Fakulta informatiky a informačných technológií |T FIIT Ústav počítačového inžinierstva a aplikovanej informatiky |X 48005 |U I400 |Y 672 |7 A000048005 | |
| 856 | 4 | |u http://is.stuba.sk/zp/portal_zp.pl?podrobnosti=131352 | |
| 996 | |b 8286 |c I* DIP 110/2016 |l II680 |s P |a 0 |w stuzp58918_0001 | ||
| SQL | |a stuzp58918 |b DDP |c SLO |d Riadenie sieťovej prevádzky v softvérovo definovaných sieťach na základe požiadaviek koncových aplikácií |e 5805 |f Grežo, Rudolf |g 070400 |h 48005 |i Nagy, Martin |j 20160613 |k 211 |l 07 |m http://is.stuba.sk/zp/portal_zp.pl?podrobnosti=131352 |n I-SI2 |o 9.2.5. softvérové inžinierstvo | ||